Книга глаголемая Прохладный вертоград (Запись № 25860)

Подробности
000 -МАРКЕР
контрольное поле 01766nam0a2200349 4500
001 - ИДЕНТИФИКАТОР ЗАПИСИ
контрольное поле RU\NLR\bibl\8366
005 - ИДЕНТИФИКАТОР ВЕРСИИ
контрольное поле 20260407074613.0
010 ## - МЕЖДУНАРОДНЫЙ СТАНДАРТНЫЙ НОМЕР КНИГИ (ISBN)
Номер (ISBN) 5-073-86169-1
Тираж 1000
035 ## - ДРУГИЕ СИСТЕМНЫЕ НОМЕРА
Идентификатор записи (NLR Aleph) 000008170
100 ## - ДАННЫЕ ОБЩЕЙ ОБРАБОТКИ
Данные общей обработки 19981124d1997 |||y0rusy50 ca
101 1# - ЯЗЫК РЕСУРСА
Язык текста, звукозаписи и т.д. русский
102 ## - СТРАНА ПУБЛИКАЦИИ ИЛИ ПРОИЗВОДСТВА
Страна публикации Российская Федерация
105 ## - ПОЛЕ КОДИРОВАННЫХ ДАННЫХ: ТЕКСТОВЫЕ МАТЕРИАЛЫ, МОНОГРАФИЧЕСКИЕ
Кодированные данные о монографическом текстовом документе a |||||||||
200 1# - ЗАГЛАВИЕ И СВЕДЕНИЯ ОБ ОТВЕТСТВЕННОСТИ
Основное заглавие Книга глаголемая Прохладный вертоград
Сведения, относящиеся к заглавию [Сб.
Первые сведения об ответственности Рос. гос. б-ка
Последующие сведения об ответственности Сост., предисл., вступ. ст., пер., коммент. Т.А. Исаченко]
210 ## - ПУБЛИКАЦИЯ, РАСПРОСТРАНЕНИЕ И ДР.
Место издания, распространения и т.д. М.
Имя издателя, распространителя и т. д. Археогр. центр
Дата издания, распространения и т.д. 1997
215 ## - ФИЗИЧЕСКАЯ ХАРАКТЕРИСТИКА
Специфическое обозначение материала и объем 411 с.
Другие сведения о физической характеристике ил., факс.
Размеры 17
320 ## - ПРИМЕЧАНИЯ О НАЛИЧИИ В ДОКУМЕНТЕ БИБЛИОГРАФИИ / УКАЗАТЕЛЯ
Текст примечания Указ.: Древнерус. названия растений, их лат. и соврем. рус. соответствия: с. 382-390
320 ## - ПРИМЕЧАНИЯ О НАЛИЧИИ В ДОКУМЕНТЕ БИБЛИОГРАФИИ / УКАЗАТЕЛЯ
Текст примечания Соврем. названия растений, др. лекарств. средств и их древнерус. соответствия: с.390-398
320 ## - ПРИМЕЧАНИЯ О НАЛИЧИИ В ДОКУМЕНТЕ БИБЛИОГРАФИИ / УКАЗАТЕЛЯ
Текст примечания Древнерус. наименования болезней, упоминаемые в "Прохладном вертограде" и их возмож. соответствия: с. 399-409
320 ## - ПРИМЕЧАНИЯ О НАЛИЧИИ В ДОКУМЕНТЕ БИБЛИОГРАФИИ / УКАЗАТЕЛЯ
Текст примечания Библиогр. в подстроч. примеч.
606 0# - НАИМЕНОВАНИЕ ТЕМЫ КАК ПРЕДМЕТ
Наименование темы Лечебники
Системный номер авторитетной/нормативной записи 1496558
Идентификатор авторитетной/нормативной записи RU\NLR\auth\66647072
686 ## - ИНДЕКСЫ ДРУГИХ КЛАССИФИКАЦИЙ
Индекс Р.я97
702 #1 - ИМЯ ЛИЦА - ВТОРИЧНАЯ ОТВЕТСТВЕННОСТЬ
Начальный элемент ввода Исаченко
Часть имени, кроме начального элемента ввода Т. А.
Расширение инициалов личного имени Татьяна Александровна
712 02 - НАИМЕНОВАНИЕ ОРГАНИЗАЦИИ - ВТОРИЧНАЯ ОТВЕТСТВЕННОСТЬ
Код отношения Прочие
Начальный элемент ввода Российская государственная библиотека
Идентификатор авторитетной/нормативной записи RU\NLR\AUTH\883411
Системный номер авторитетной/нормативной записи 278072
801 #0 - ИСТОЧНИК ЗАПИСИ
Страна Российская Федерация
Организация NLR
Дата составления 19981124
Правила каталогизации PSBO
801 #1 - ИСТОЧНИК ЗАПИСИ
Страна Российская Федерация
Организация NLR
Дата составления 19981124
830 ## - ОБЩЕЕ ПРИМЕЧАНИЕ, СОСТАВЛЕННОЕ КАТАЛОГИЗАТОРОМ
Текст примечания Сост. раскрыт по кн.
852 ## - МЕСТОНАХОЖДЕНИЕ И ШИФР ХРАНЕНИЯ
Идентификатор организации NLR
Шифр хранения (Call Number) 98-2/1520
942 ## - ДОПОЛНИТЕЛЬНЫЕ ЭЛЕМЕНТЫ ЗАПИСИ (АБИС)
Тип экземпляра АБИС Книга
980 ## - КОЛЛЕКЦИЯ
Название коллекции Национальная библиография
Экземпляры
Тип экземпляра Дата поступления Источник поступления Библиотека постоянного хранения Библиотека текущего хранения Место хранения Шифр хранения Штрих-код Статус экземпляра
Книга 27.10.2004 Подсобные фонды РНБ РНБ (Московский) РНБ (Московский) Фонд общего зала литературы по биологии и медицине М1 Р359/К-532 1-354607  
Книга 30.09.2004 Подсобные фонды РНБ РНБ (Садовая) РНБ (Садовая) Фонд научного зала литературы по биологии и медицине Нз Р359/К-532 1-282645  
Книга 08.05.2014 Источник неизвестен РНБ (Фонтанка) РНБ (Фонтанка) Юношеский читальный зал Ю Р35/К-53 1-350447